00278nam a2200121Ia 4500008004100000100001800041245003700059260001600096300000800112650001200120942000700132999001700139190216s9999||||xx |||||||||||||| ||und|| aJacob Baker R 0aCmos Mixed Signal Circuit Design bWiley India a501 aPhysics cBK c34163d34163